[Event "Gallego-ch U14"]
[Site "Viveiro"]
[Date "2017.02.25"]
[Round "1"]
[White "Vazquez Brea, Raul"]
[Black "Rodriguez Ferreiros, Andres"]
[Result "1/2-1/2"]
[WhiteElo "1251"]
[BlackElo "1734"]
[PlyCount "86"]
[EventDate "2017.02.25"]
[EventType "swiss"]
[EventRounds "8"]
[EventCountry "ESP"]
[SourceTitle "EXT 2024"]
[Source "ChessBase"]
[SourceDate "2023.10.10"]
[SourceVersion "1"]
[SourceVersionDate "2023.10.10"]
[SourceQuality "1"]

1. e4 c5 2. Nf3 d6 3. d4 cxd4 4. Nxd4 Nf6 5. Nc3 g6 6. Bc4 Bg7 7. Be3 Nc6 8. Bb5 Bd7 9. Qf3 0-0 10. 0-0 Ne5 11. Qe2 a6 12. Bxd7 Nfxd7 13. f4 Nc6 14. Rad1 Qc8 15. Nd5 Nf6 16. Nxc6 Nxd5 17. exd5 bxc6 18. Bd4 cxd5 19. Bxg7 Kxg7 20. Qxe7 Qc5+ 21. Kh1 Rae8 22. Qb7 Qxc2 23. Qxd5 Re2 24. Qxd6 Rxg2 25. f5 Rg5 26. f6+ Kh6 27. Qxf8+ Kh5 28. Qa8 Qxb2 29. Qf3+ Kh6 30. Qf2 Qb7+ 31. Qf3 Qb2 32. Rf2 Qe5 33. h4 Rf5 34. Qg2 Rh5 35. Qg4 g5 36. Rh2 Kg6 37. Qg2 Qxf6 38. Rg1 h6 39. hxg5 Rxh2+ 40. Qxh2 Qf3+ 41. Rg2 Qd1+ 42. Qg1 Qh5+ 43. Rh2 Qf3+ 1/2-1/2